Normale Ansicht MARC-Ansicht ISBD

A Cultural History of Objects (Titelsatznr. 60914)

[ MARC ]
MARC-Details
000 -Satzkennung
Kontrollfeld mit fester Länge 01891nad a22003853ic4500
001 - Kontrollnummer
Kontrollfeld EBC7081110
003 - Kontrollnummer Identifier
Kontrollfeld MiAaPQ
005 - Datum und Zeit der letzten Transaktion
Kontrollfeld 20221026165704.0
007 - Feld mit fester Länge zur physischen Beschreibung - Allgemeine Information
Kontrollfeld mit fester Länge cr cnu||||||||
008 - Feld mit fester Länge zur physischen Beschreibung - Allgemeine Angaben
Kontrollfeld mit fester Länge 221021s2022 xx o ||||0 eng d
020 ## - Internationale Standardbuchnummer
Internationale Standardbuchnummer 9781350226678
Nähere Angaben (electronic bk.)
020 ## - Internationale Standardbuchnummer
Gelöschte/ungültige ISBN 9781474298780
040 ## - Katalogisierungsquelle
Original-Katalogisierungsstelle MiAaPQ
Katalogisierungssprache eng
Übertragungsstelle MiAaPQ
245 12 - Titel
Titel A Cultural History of Objects
Zählung des Teils/der Abteilung eines Werkes Volume 4
Titel eines Teils/einer Abteilung eines Werkes In the Age of Enlightenment
Verfasserangabe etc. edited by Audrey Horning
264 #1 - Produktion, Veröffentlichung, Distribution, Herstellung und Urheberrechtsvermerk
Herstellungs-, Veröffentlichungs- Vertriebs-, Erzeugungsort London :
Produzent, Herausgeber, Distributor, Hersteller Bloomsbury Publishing Plc,
Datum der Herstellung, der Veröffentlichung, des Vertriebs oder des Urheberschutzvermerks 2022.
264 #4 - Produktion, Veröffentlichung, Distribution, Herstellung und Urheberrechtsvermerk
Datum der Herstellung, der Veröffentlichung, des Vertriebs oder des Urheberschutzvermerks ©2022.
300 ## - Physische Beschreibung
Umfang 1 online resource (257 pages)
336 ## - Inhaltstyp
Inhaltstypterm Text
Inhaltstypcode txt
Quelle rdacontent
337 ## - Medientyp
Bezeichnung des Medientyps Computermedien
Medientypcode c
Quelle rdamedia
338 ## - Datenträgertyp
Datenträgertypbezeichnung Online Resource
Datenträgertypcode cr
Quelle rdacarrier
490 1# - Gesamttitelangabe
Gesamttitelangabe The cultural histories series
500 ## - Allgemeine Fußnote
Allgemeine Fußnote E-Book-ProQuest / Fernzugriff nach Registrierung möglich
505 0# - Fußnote zu strukturierten Inhaltsangaben
Fußnote zu strukturierten Inhaltsangaben Cover -- Contents -- List of Illustrations -- Series Preface -- Introduction Audrey Horning -- 1 Objecthood Mary C. Beaudry -- 2 Technology Colin Rynne -- 3 Economic Objects Christina J. Hodge -- 4 Everyday Objects Beverly Straube -- 5 Art Katy Barrett -- 6 Architecture Adrian Green -- 7 Bodily Objects Diana DiPaolo Loren -- 8 Object Worlds Jonas Monié Nordin -- Notes -- Bibliography -- Notes on Contributors -- Index.
650 #4 - Nebeneintragung unter einem Schlagwort - Sachschlagwort
Sachschlagwort oder geografischer Name als Eintragungselement Kunsthandwerk
Koha-Normdatenidentnummer 15711
650 #4 - Nebeneintragung unter einem Schlagwort - Sachschlagwort
Sachschlagwort oder geografischer Name als Eintragungselement Alltagsgegenstand
Koha-Normdatenidentnummer 15704
650 #4 - Nebeneintragung unter einem Schlagwort - Sachschlagwort
Sachschlagwort oder geografischer Name als Eintragungselement Sachkultur
Koha-Normdatenidentnummer 15712
655 #4 - Indexierungsterm - Genre/Form
Genre/Form oder fokussierter Term
655 ## - Indexierungsterm - Genre/Form
Genre/Form oder fokussierter Term Fernzugriff
Koha-Normdatenidentnummer 230
700 ## - Nebeneintragung - Personenname
Funktionsbezeichnungscode edt
Personenname Horning, Audrey.
Funktionsbezeichnung editor
Koha-Normdatenidentnummer 15638
773 08 - Übergeordnete Einheit
Zählung und erste Seite Volume4
Datensatzkontrollnummer 1675693072
776 08 - Andere physische Form
Verweisungsphrase Print version:
Haupteintragung Horning, Audrey
Titel A Cultural History of Objects in the Age of Enlightenment
Ort, Verlag und Erscheinungsjahr London : Bloomsbury Publishing Plc,c2022
Internationale Standardbuchnummer 9781474298780
830 #4 - Nebeneintragung unter dem Gesamttitel - Einheitstitel
Einheitstitel The cultural histories series
Koha-Normdatenidentnummer 6986
856 40 - Elektronische Adresse und Zugriff
URL <a href="https://ebookcentral.proquest.com/lib/maxweberstiftung-ebooks/detail.action?docID=7081110">https://ebookcentral.proquest.com/lib/maxweberstiftung-ebooks/detail.action?docID=7081110</a>
OPAC-Notiz Volltext
942 ## - Zusätzliche Felder (Koha)
Koha-Medientyp E-Books
Klassifikation oder Aufstellungssystematik Andere/Generische Klassifikation
Exemplare
Ausgeschieden Verloren Klassifikation oder Aufstellungssystematik Beschädigt Nicht entleihbar Heimatbibliothek Aufenthaltsbibliothek Aufstellungsort Erwerbungsdatum Inventarnummer Signatur Barcode Letzte Aktivität Preis gültig von Koha-Medientyp
    Andere/Generische Klassifikation     MWN Osteuropa MWN Osteuropa Online-Ressource 21/10/2022 22-e01375 E-22-e01375 62561 21/10/2022 21/10/2022 E-Books